| 000 | 00475nam a2200193 a 4500 | ||
|---|---|---|---|
| 001 | 1765966327106 | ||
| 003 | ACL | ||
| 005 | 20251217154518.0 | ||
| 008 | 251217s2005##################000#0#eng## | ||
| 020 | _a9781593373948 | ||
| 082 | 0 | 4 |
_a641.5638 _bMAR |
| 100 | 1 |
_aMaar, Nancy T, _eauthor. |
|
| 245 | 1 | 0 | _aThe Everything Gluten-Free Cookbook : |
| 260 |
_bEverything, _c2005. |
||
| 300 | _a308 pages | ||
| 650 | 0 | _aCooking. | |
| 942 | _cENGLISH | ||
| 040 |
_aACL _beng _cACL |
||
| 999 |
_c603041 _d603041 |
||